000 00534nam a22001817a 4500
999 _c9034
_d9034
008 210319b ||||| |||| 00| 0 eng d
040 _aBMS College of Architecture
100 _aSekar, G, Vasantha
245 _aSchool of music Bangalore
300 _aNA
500 _a1BM07AT014
502 _8B.Arch
_NBMS College of Architecture, Visvesvaraya Technological University
_aProject report
_d2013
650 _aSchool
650 _aBengalore
700 _aK R Maduh Chand
_eGuide
700 _aShobha M N
_eGuide
942 _2ddc
_cTHE